| 000 | 01058nam a22002777a 4500 | ||
|---|---|---|---|
| 003 | NALT | ||
| 005 | 20230919125519.0 | ||
| 008 | 230817b th ||||| |||| 00| 1 tha d | ||
| 020 | _a9786163883896 | ||
| 040 | _aNALT | ||
| 090 |
_aFIC _bป112ด 2562 |
||
| 100 | 0 |
_aป. อินทรปาลิต _914913 |
|
| 245 | 1 | 0 |
_aดาวหางทลายโลก / _cป. อินทรปาลิต. |
| 250 | _aพิมพ์ครั้งที่ 5. | ||
| 260 |
_aกรุงเทพฯ : _bแสงดาว, _c2562. |
||
| 300 |
_a483 หน้า ; _c18 ซม. |
||
| 650 | 4 |
_96428 _aนวนิยายไทย |
|
| 650 | 4 |
_961351 _aหัสนิยาย |
|
| 700 | 0 |
_961350 _aปรีชา อินทรปาลิต |
|
| 850 | _aNALT | ||
| 942 |
_cFIC _2local |
||
| 996 |
_achunbijaya.r _bCATSTF _c2023-08-17 |
||
| 996 |
_asaiphon.d _bCATSTF _c2023-08-18 |
||
| 999 |
_c102593 _d102593 |
||
| 998 |
_j104 _k นางสาวสายฝน ดีงาม |
||